[Event "Mittelfrank Regionalliga Nord-West 2223"]
[Site "Mittelfranken"]
[Date "2023.03.19"]
[Round "8.1"]
[White "Bucur, Oliver"]
[Black "Kuhn, Tobias"]
[Result "1/2-1/2"]
[WhiteElo "2213"]
[BlackElo "2225"]
[PlyCount "102"]
[EventDate "2022.10.09"]
[EventType "team-tourn"]
[EventRounds "9"]
[EventCountry "GER"]
[SourceTitle "EXT 2024"]
[Source "ChessBase"]
[SourceDate "2023.10.10"]
[SourceVersion "1"]
[SourceVersionDate "2023.10.10"]
[SourceQuality "1"]
[WhiteTeam "Bad Neustadt"]
[BlackTeam "Klingenberg"]
[WhiteTeamCountry "GER"]
[BlackTeamCountry "GER"]

1. c4 e5 2. g3 Nc6 3. Bg2 g6 4. Nc3 Bg7 5. e4 d6 6. Nge2 f5 7. d3 Nf6 8. 0-0 0-0 9. Nd5 Ne7 10. Nxf6+ Bxf6 11. Bh6 Bg7 12. Bxg7 Kxg7 13. exf5 Nxf5 14. Qd2 c6 15. d4 exd4 16. Nxd4 Qf6 17. Rad1 Nxd4 18. Qxd4 Be6 19. Rfe1 Qxd4 20. Rxd4 Rf6 21. b3 Rd8 22. Red1 Bc8 23. f4 h6 24. h4 Bg4 25. Re1 Kf7 26. Rde4 Re6 27. Kf2 Rde8 28. b4 h5 29. a3 Kf6 30. Rxe6+ Rxe6 31. Re4 Rxe4 32. Bxe4 Bf5 33. Bf3 Bd3 34. c5 d5 35. Ke3 Bf5 36. Bd1 Bg4 37. Bb3 Be6 38. Kd4 Bf5 39. a4 a6 40. b5 axb5 41. axb5 Bd7 42. bxc6 bxc6 43. Ba4 Be8 44. Bd1 Bd7 45. Be2 Bg4 46. Ba6 Bd7 47. Be2 Bg4 48. Bf1 Bf5 49. Kc3 Ke7 50. Be2 Bg4 51. Bd3 Bf5 1/2-1/2

[Event "Mittelfrank Regionalliga Nord-West 2223"]
[Site "Mittelfranken"]
[Date "2023.03.05"]
[Round "7.1"]
[White "Oehrlein, Thomas"]
[Black "Bucur, Oliver"]
[Result "0-1"]
[WhiteElo "2064"]
[BlackElo "2213"]
[PlyCount "80"]
[EventDate "2022.10.09"]
[EventType "team-tourn"]
[EventRounds "9"]
[EventCountry "GER"]
[SourceTitle "EXT 2024"]
[Source "ChessBase"]
[SourceDate "2023.10.10"]
[SourceVersion "1"]
[SourceVersionDate "2023.10.10"]
[SourceQuality "1"]
[WhiteTeam "Bamberg II"]
[BlackTeam "Bad Neustadt"]
[WhiteTeamCountry "GER"]
[BlackTeamCountry "GER"]

1. e4 c5 2. Nc3 Nc6 3. f4 g6 4. Nf3 Bg7 5. d3 e6 6. g3 Nge7 7. Bg2 0-0 8. 0-0 Rb8 9. e5 d6 10. exd6 Qxd6 11. Ne4 Qc7 12. Kh1 b6 13. Rb1 Bb7 14. Qe1 Nd4 15. Qf2 Nxf3 16. Bxf3 Nf5 17. Bg2 Qe7 18. Bd2 Rbd8 19. b4 c4 20. dxc4 Rd4 21. Qe2 Rfd8 22. Be1 Qc7 23. c5 Bd5 24. Rf2 Bxa2 25. Rc1 Bc4 26. cxb6 axb6 27. Qf3 h5 28. Rd2 Bd5 29. Rxd4 Nxd4 30. Qf2 Qc4 31. Nd2 Qxb4 32. Bxd5 Rxd5 33. c3 Qb2 34. Rb1 Qxc3 35. Rxb6 Nc2 36. Rb8+ Kh7 37. Nf3 Nxe1 38. Ng5+ Rxg5 39. fxg5 Qc6+ 40. Kg1 Bd4 0-1

[Event "Mittelfrank Regionalliga Nord-West 2122"]
[Site "Mittelfranken"]
[Date "2022.04.03"]
[Round "7.1"]
[White "Bucur, Oliver"]
[Black "Oehrlein, Thomas"]
[Result "0-1"]
[WhiteElo "2227"]
[BlackElo "2079"]
[PlyCount "88"]
[EventDate "2021.10.24"]
[EventType "team-tourn"]
[EventRounds "9"]
[EventCountry "GER"]
[SourceTitle "EXT 2024"]
[Source "ChessBase"]
[SourceDate "2023.10.10"]
[SourceVersion "1"]
[SourceVersionDate "2023.10.10"]
[SourceQuality "1"]
[WhiteTeam "Bad Neustadt"]
[BlackTeam "Bamberg II"]
[WhiteTeamCountry "GER"]
[BlackTeamCountry "GER"]

1. Nf3 d5 2. c4 e6 3. g3 c6 4. Bg2 f5 5. 0-0 Nf6 6. d3 Be7 7. b3 0-0 8. Bb2 Qe8 9. Nc3 a5 10. Rc1 Nbd7 11. cxd5 exd5 12. Nd4 Ne5 13. Na4 Bd6 14. Nb6 Rb8 15. Nxc8 Qxc8 16. Nb5 Qd7 17. Nxd6 Qxd6 18. Qd2 Ra8 19. Qf4 Rae8 20. Qxf5 d4 21. Qf4 c5 22. Bxb7 Nfg4 23. Qd2 Qf6 24. Bg2 Nxf2 25. Rxc5 Neg4 26. Qf4 Qxf4 27. gxf4 Rxf4 28. h3 Rxe2 29. Rc8+ Kf7 30. Bxd4 Rxd4 31. hxg4 Rf4 32. Rc4 Rf6 33. Rc7+ Kg6 34. g5 Rf4 35. Rc4 Rf8 36. Rc5 Rxa2 37. Rb5 Kh5 38. d4 Kg4 39. Re5 Rf4 40. d5 Nd3 41. Re7 Rd4 42. Bf3+ Kg3 43. Re4 Nf4 44. Rxf4 Rxf4 0-1

[Event "Oberliga Sued W 0607"]
[Site "Germany"]
[Date "2007.02.25"]
[Round "7.2"]
[White "Schlick, Volker"]
[Black "Bucur, Oliver"]
[Result "1-0"]
[WhiteElo "2291"]
[BlackElo "2260"]
[PlyCount "87"]
[EventDate "2006.10.15"]
[EventType "team-tourn"]
[EventRounds "9"]
[EventCountry "GER"]
[SourceTitle "EXT 2009"]
[Source "ChessBase"]
[SourceDate "2008.11.26"]
[SourceVersion "1"]
[SourceVersionDate "2008.11.26"]
[SourceQuality "1"]
[WhiteTeam "Koblenz"]
[BlackTeam "Schwarzenbach"]
[WhiteTeamCountry "GER"]
[BlackTeamCountry "GER"]

1. e4 c5 2. Nf3 Nc6 3. Bb5 g6 4. 0-0 Bg7 5. Re1 Nf6 6. c3 0-0 7. d3 d6 8. a4 Qc7 9. Bxc6 Qxc6 10. d4 cxd4 11. Nxd4 Qc7 12. h3 b6 13. Bg5 Bb7 14. Nd2 Rad8 15. Qe2 Rfe8 16. a5 bxa5 17. Nb5 Qb8 18. Rxa5 a6 19. Na3 Qc7 20. Ra4 Nd7 21. Rc4 Qb8 22. Rb4 Qa8 23. Nac4 Nc5 24. Na5 Rb8 25. f3 h6 26. Be3 Bc6 27. Bxc5 dxc5 28. Rxb8 Rxb8 29. Nxc6 Qxc6 30. Nc4 Qc7 31. Ra1 Qc6 32. e5 h5 33. Qe4 Qe6 34. Rd1 Bh6 35. Kf2 Kg7 36. Ke2 Kh7 37. g4 hxg4 38. hxg4 Kg7 39. Rg1 f6 40. f4 Kf7 41. f5 Qc8 42. exf6 Rb7 43. fxg6+ Kxf6 44. g5+ 1-0

[Event "ROM-ch"]
[Site "Baile Tusnad"]
[Date "2005.12.05"]
[Round "10"]
[White "Berescu, Alin Mile"]
[Black "Bucur, Oliver"]
[Result "1-0"]
[WhiteElo "2420"]
[BlackElo "2289"]
[PlyCount "99"]
[EventDate "2005.11.26"]
[EventType "swiss"]
[EventRounds "11"]
[EventCountry "ROU"]
[SourceTitle "CBM 109 Extra"]
[Source "ChessBase"]
[SourceDate "2006.01.03"]
[SourceVersion "2"]
[SourceVersionDate "2006.01.03"]
[SourceQuality "1"]

1. e4 c5 2. Nf3 Nc6 3. d4 cxd4 4. Nxd4 Nf6 5. Nc3 d6 6. Bg5 e6 7. Qd2 a6 8. 0-0-0 Bd7 9. f3 Be7 10. Be3 Nxd4 11. Bxd4 b5 12. g4 b4 13. Ne2 e5 14. Be3 Be6 15. Kb1 h6 16. Ng3 d5 17. Nf5 Bxf5 18. gxf5 d4 19. Qg2 Nd7 20. Bd2 Bf6 21. Bxb4 Rb8 22. c3 Qc7 23. Rc1 Qb6 24. Bc4 dxc3 25. Bxc3 0-0 26. Rc2 Nc5 27. f4 Rfe8 28. fxe5 Bxe5 29. Bxe5 Rxe5 30. Rg1 Qf6 31. Bd5 Nd3 32. Qg6 Qxg6 33. fxg6 Kf8 34. gxf7 Nb4 35. Rcg2 g5 36. Bb3 Rxe4 37. Rg4 Re2 38. h4 Nd3 39. hxg5 Rxb2+ 40. Ka1 hxg5 41. Rxg5 R2xb3 42. axb3 Kxf7 43. Ka2 Nb4+ 44. Kb2 Ke7 45. Rd1 Rc8 46. Re5+ Kf6 47. Re2 Rc5 48. Rf1+ Rf5 49. Rxf5+ Kxf5 50. Kc3 1-0

[Event "ROM-chT"]
[Site "Baile Tusnad"]
[Date "2005.05.23"]
[Round "3"]
[White "Doncea, Vladimir"]
[Black "Bucur, Oliver"]
[Result "0-1"]
[WhiteElo "2380"]
[BlackElo "2237"]
[PlyCount "138"]
[EventDate "2005.05.21"]
[EventType "team"]
[EventRounds "9"]
[EventCountry "ROU"]
[SourceTitle "CBM 106 Extra"]
[Source "ChessBase"]
[SourceDate "2005.07.01"]
[SourceVersion "1"]
[SourceVersionDate "2005.07.01"]
[SourceQuality "1"]

1. d4 Nf6 2. c4 e6 3. g3 Bb4+ 4. Bd2 Qe7 5. Bg2 Nc6 6. e3 0-0 7. Ne2 Bxd2+ 8. Qxd2 d5 9. 0-0 dxc4 10. Na3 e5 11. Nxc4 Rd8 12. Na5 Nxa5 13. Qxa5 exd4 14. Nxd4 c5 15. Qa3 Kf8 16. Nb3 Ne4 17. Bxe4 Qxe4 18. Nxc5 Qe7 19. Rad1 Bh3 20. Rxd8+ Rxd8 21. Rc1 Kg8 22. Qxa7 Qd6 23. Qa4 Qd2 24. Ra1 Qd5 25. Ne4 f5 26. Qb3 Qxb3 27. Nf6+ Kf7 28. axb3 Kxf6 29. f3 Rd3 30. Ra4 g5 31. Rb4 Rxe3 32. Kf2 Rd3 33. Rxb7 Rd2+ 34. Ke3 Rxb2 35. Rxh7 Rxb3+ 36. Kd4 Bg2 37. f4 g4 38. Rh6+ Kg7 39. Rh5 Kg6 40. Rh8 Rb7 41. Ke5 Re7+ 42. Kd6 Re2 43. Rg8+ Kf7 44. Rg5 Kf6 45. Rg8 Rd2+ 46. Kc5 Bh3 47. Rb8 Bg2 48. Rb6+ Ke7 49. Rh6 Rd5+ 50. Kc4 Rd6 51. Rh7+ Ke6 52. Rh6+ Kd7 53. Rh5 Rd5 54. Rh7+ Kc6 55. Rh6+ Rd6 56. Rh5 Bf1+ 57. Kc3 Rd5 58. Kb4 Rc5 59. Rh8 Rc4+ 60. Kb3 Kd5 61. Re8 Kd4 62. Rd8+ Ke4 63. Re8+ Kf3 64. Re5 Kg2 65. Rxf5 Kxh2 66. Rf8 Kxg3 67. f5 Kf2 68. Rb8 Rf4 69. Rb4 Rf3+ 0-1

[Event "Torokbalint op"]
[Site "Torokbalint"]
[Date "2004.08.15"]
[Round "7"]
[White "Bucur, Oliver"]
[Black "Jakab, Attila"]
[Result "0-1"]
[WhiteElo "2214"]
[BlackElo "2350"]
[PlyCount "80"]
[EventDate "2004.08.13"]
[EventType "swiss"]
[EventRounds "7"]
[EventCountry "HUN"]
[SourceTitle "EXT 2008"]
[Source "ChessBase"]
[SourceDate "2007.11.25"]
[SourceVersion "1"]
[SourceVersionDate "2007.11.25"]
[SourceQuality "1"]

1. d4 e6 2. c4 Nf6 3. Nf3 Bb4+ 4. Bd2 Qe7 5. Nc3 Bxc3 6. Bxc3 Ne4 7. Qc2 Nxc3 8. Qxc3 d6 9. e4 0-0 10. Be2 c5 11. 0-0 Nc6 12. dxc5 dxc5 13. e5 b6 14. Rad1 Bb7 15. Rd6 Rfd8 16. Rfd1 Rxd6 17. exd6 Qf8 18. Qe3 Rd8 19. Qf4 f6 20. d7 e5 21. Qe4 Qf7 22. Rd6 Na5 23. Qc2 Rxd7 24. Rxd7 Qxd7 25. Bd3 g6 26. h4 Kg7 27. Be4 Bxe4 28. Qxe4 Nc6 29. h5 gxh5 30. Kh2 Ne7 31. g3 Qc6 32. Qe2 Ng6 33. Ne1 h4 34. Ng2 hxg3+ 35. fxg3 f5 36. Ne3 Qe6 37. Qd3 f4 38. Nf5+ Kf6 39. Nd6 fxg3+ 40. Kxg3 Qh3+ 0-1